000 00291nam a22001217a 4500
041 _aENG
100 _aNair K
245 _aTeaching Your Tongue & Speech Rhythm
260 _aDelhi
_bAdilt Faculries
_c2001
300 _a48
650 _aCompetitive Exam
856 _uCompetitive Exam ( 36 )
999 _c944
_d944